000 00498nam a22001937a 4500
003 OSt
005 20140310181745.0
008 130608t xxu||||| |||| 00| 0 eng d
050 _aDP 402
_b.B515 1991
082 _aM 914.6
_bSe8 1991
245 _aSeville /
_cBerlitz Staff
260 _aEngland :
_bBerlitz Publishing S.A.,
_cc1991.
300 _a144 p.
_bcol. : ill. ;
_c14 p.
521 _aCollege Students
526 _c1210L-1700L
541 _j1
562 _e1
942 _2lcc
_cBK
_kM
999 _c2933
_d2933